Представление документа в формате RUSMARC

ПолеНазваниеЗначение
  Тип записи a
  Библиографический уровень m
001 Контрольный номер RU/IS/BASE/273588372
005 Дата корректировки 20201206204606.1
010 Индекс ISBN __
a ISBN 978-5-16-002926-9
d Цена 275-88
101 Язык документа __
a Язык текста rus
c Язык оригинала rus
200 Заглавие и сведения об ответственности 1_
a Заглавие Финансы организаций (предприятий)
e Сведения, относящиеся к заглавию учеб. по дисциплине "Предпринимательство" специальности "Менеджмент организации"
f Первые сведения об ответственности М. Г. Лапуста, Т. Ю. Мазурина, Л. Г. Скамай
b Общее обозначение материала Текст
205 Сведения об издании __
a Основные сведения об издании Изд. испр.
210 Выходные данные __
a Место издания М.
c Издательство ИНФРА-М
d Дата издания 2008
215 Физическое описание __
a Объем 574, [1] с.
225 Серия __
a Серия Высшее образование
320 Библиография __
a Библиография Список лит.: с. 554-558 (70 назв.)
330 Аннотация __
a Аннотация Обстоятельно изложены содержание и принципы организации предприятий в современных условиях России, раскрыта сущность финансового механизма. Последовательно рассмотрены вопросы, связанные с формированием и использованием финансовых ресурсов предприятий. Рассмотрены также современные методы и приемы принятия финансовых решений на предприятиях.
606 Тематические рубрики __
a Основная рубрика Экономика
606 Тематические рубрики __
a Основная рубрика Финансы предприятия
610 Ключевые слова __
a Ключевые слова финансы организаций; коммерческие организации; коммерческие предприятия; управление капиталом; расходы предприятия; расходы организации; денежные доходы; прибыль; рентабельность; оборотные средства; управление денежными средствами; управление денежными потоками; инвестиции; инвестиции капитала; финансовые инвестиции; налогообложение; финансовое планирование; финансовое состояние
686 Индексы других классификаций __
a Классификационный индекс 65.291.9я73
700 Автор _1
a Фамилия Лапуста
b Имя М. Г.
4 Код отношения 070
702 Вторичная интеллектуальная ответственность _1
a Фамилия Мазурина
b Имя Т. Ю.
4 Код отношения Автор
702 Вторичная интеллектуальная ответственность _1
a Фамилия Скамай
b Имя Л. Г.
4 Код отношения Автор
801 Источник записи _0
a Страна RU
b Организация Муниципальное бюджетное учреждение культуры "Централизованная библиотечная система" г. Сургут (Центральная городская библиотека им. А. С. Пушкина)
g Правила каталогизации КиК/Поспелова
801 Источник записи _1
a Страна RU
b Организация Муниципальное бюджетное учреждение культуры "Централизованная библиотечная система" г. Сургут (Центральная городская библиотека им. А. С. Пушкина)
g Правила каталогизации КиК/Поспелова
852 Данные о местонахождении __
j Шифр хранения 65.291.9я73
c Каталожный индекс 65.291.9я73
i Авторский знак Л 24
901 Тип документа __
t Тип документа m
903 Характеристики (МАРС) __
a Дата передачи 20080902
969 Тип издания __
a Тип издания учебник
990 Данные о заказе (DOS) __
j Количество экземпляров (DOS) 5
t N записи в КСУ для И/У (DOS) 200809